书目信息 |
| 题名: |
刑事诉讼法
|
|
| 作者: | 宋英辉 主编 | |
| 分册: | ||
| 出版信息: | 北京 清华大学出版社 2007.02 |
|
| 页数: | 466页 | |
| 开本: | 23cm | |
| 丛书名: | 21世纪普通高等学校法学系列教材 | |
| 单 册: | ||
| 中图分类: | D825.2 | |
| 科图分类: | ||
| 主题词: | 刑事诉讼法--xing shi su song fa--高等学校--中国--教材 | |
| 电子资源: | ||
| ISBN: | 978-7-302-14494-6 | |
| 000 | 01102nam 2200265 450 | |
| 001 | 01CN03389811 | |
| 005 | 20081008105046.87 | |
| 010 | @a978-7-302-14494-6@dCNY38.00 | |
| 100 | @a20070320d2007 em y0chiy0121 ea | |
| 101 | 0 | @achi |
| 102 | @aCN@b110000 | |
| 105 | @ay z 000yy | |
| 200 | 1 | @a刑事诉讼法@Axing shi su song fa@d= Criminal Procedural Law@f宋英辉主编@zeng |
| 210 | @a北京@c清华大学出版社@d2007.02 | |
| 215 | @a466页@d23cm | |
| 225 | 2 | @a21世纪普通高等学校法学系列教材@A21 shi ji pu tong gao deng xue xiao fa xue xi lie jiao cai |
| 330 | @a本书从教师和学生的教学需求和学习需要出发,力图突出如下特点:第一,理论丰富。第二,体系完备。第三,资料新颖准确。第四,形式求异求变。为了便于读者阅读、理解和深入思考,每章均用案例引出问题,并列出思考问题和有关典型案例报道。 | |
| 410 | 0 | @12001 @a21世纪普通高等学校法学系列教材 |
| 510 | 1 | @aCriminal Procedural Law@zeng |
| 606 | 0 | @a刑事诉讼法@Axing shi su song fa@x高等学校@y中国@j教材 |
| 690 | @aD825.2@v4 | |
| 701 | 0 | @a宋英辉@Asong ying hui@4主编 |
| 801 | @aCN@bMarcStudio@c20081008 | |
| 905 | @aZUCC@dD825.2@eS785 | |
| 999 | @aCYP | |
| 刑事诉讼法= Criminal Procedural Law/宋英辉主编.-北京:清华大学出版社,2007.02 |
| 466页;23cm.-(21世纪普通高等学校法学系列教材) |
| ISBN 978-7-302-14494-6:CNY38.00 |
| 本书从教师和学生的教学需求和学习需要出发,力图突出如下特点:第一,理论丰富。第二,体系完备。第三,资料新颖准确。第四,形式求异求变。为了便于读者阅读、理解和深入思考,每章均用案例引出问题,并列出思考问题和有关典型案例报道。 |
| ● |
| 相关链接 |
|
|
|
正题名:刑事诉讼法
索取号:D825.2/S785
 
预约/预借
| 序号 | 登录号 | 条形码 | 馆藏地/架位号 | 状态 | 备注 |
| 1 | 841171 | 208411716 | 社科库509/509社科库 79排3列6层/ [索取号:D825.2/S785] | 在馆 |